Childcare policy in the European states: limits to convergence

Saved in:
Bibliographic Details
Main Author: Randall, Vicky
Format: Text
Published: [London]: Taylor & Francis
Subjects:
Tags: Add Tag
No Tags, Be the first to tag this record!

MARC

LEADER 00000 a a2200000 04500
001 32681
003
040
090 |a 203600  
100 |a Randall, Vicky  
245 |a Childcare policy in the European states: limits to convergence  
260 |a [London]:   |b Taylor & Francis  
300 |a pp. 346-368  
500 |a Publicado en: Journal of European Public Policy,vol 7, n° 3 Special Issue, 2000  
650 |a POLITICA SOCIAL  
650 |a CUIDADO DE NIÑOS  
650 |a NIÑOS  
650 |a EQUIDAD DE GENERO  
650 |a CONDICIONES SOCIALES  
650 |a EUROPA  
999 |c 17554  |d 17554